000 00464nam a2200181 i 4500
001 119964
003 ES-MaACL
005 20230906191434.0
007 t|
008 070214s1969 sp r ||||1| spa d
080 _a821.134.2-31"19"
100 1 _aPinto, Mercedes.
_992224
245 1 0 _aElla :
_bnovela /
_cMercedes Pinto.
250 _a3ยช ed.
260 _aMadrid :
_bBiblioteca Nueva,
_c1969.
300 _a365 p. ;
_c21 cm.
852 4 _aES-MaACL
_jC-36770
999 _c119964
_d119964